| 000 | 00549nam a2200193 a 4500 | ||
|---|---|---|---|
| 005 | 20210223124835.0 | ||
| 008 | 030220s1997 mx r 000 0 spa d | ||
| 020 | _a0080425771 | ||
| 035 | _aUPN01000122124 | ||
| 049 | _aCG | ||
| 050 | 4 |
_aP106 _bT3.7 |
|
| 100 | 1 | _aTaylor, Talbot J. | |
| 245 | 1 | 0 |
_aTheorizing language : _banalysis normativity, rhetoric, history / _cTalbot J. Taylor. |
| 260 |
_aKidlington, Oxf. _bPergamon, _c1997. |
||
| 300 | _a271 p. | ||
| 650 | 4 |
_aANALISIS LINGUISTICO _9556 |
|
| 650 | 4 |
_aLENGUA - _xFILOSOFIA |
|
| 905 | _alibro | ||
| 999 |
_c94324 _d94324 |
||